000 01108nam a22003377a 4500
001 0026541
003 KOHA_MİRAKIL
005 20260207002531.0
007 ta
008 101222b2010 tu |||gr||||#||||0|tur |
020 _a9786053637103
040 _aTR-BiSEU
_btur
_cTR-BiSEU
_erda
041 0 _atur
044 _ctu
050 _aND873.Y43
_bI86 2010
245 0 _aİsmet Yedikardeş/
_cmetin Kaya Özsezgin.
264 1 _aİstanbul :
_bMardin Valiliği Kültür ve Sanat Yayınları
_c2010
300 _a111 sayfa: resimli; 30 cm.
336 _ametin
_btxt
_2rdacontent
337 _aaracısız
_bn
_2rdamedia
338 _acilt
_bnc
_2rdacarrier
650 0 _aYedikardeş, İsmet, 1947--Sergiler.
_952692
650 0 _aRessamlar--Türkiye.
_914619
650 0 _aResim, Modern--20. yüzyıl--Türkiye.
_952693
650 0 _aMimari--Türkiye--Mardin.
_952694
650 0 _aYedikardeş, İsmet, 1947--Exhibitions.
_952695
650 0 _aPainters--Turkey.
_949068
650 0 _aPainting, Modern--20th century--Turkey.
_949514
650 0 _aArchitecture--Turkey--Mardin.
_952696
942 _2lcc
_cBK
999 _c26480
_d26480